[Event "Blitz KO (Jun 2017) 1400-1799"]
[Site "SchemingMind.com"]
[Date "2017.06.04"]
[Round "-"]
[White "kenneth m day"]
[Black "Wojciech  Langer"]
[Result "1/2-1/2"]
[WhiteCountry "USA"]
[BlackCountry "INT"]
[WhiteElo "1699"]
[WhiteRD "57"]
[BlackElo "1673"]
[BlackRD "88"]
[GameID "414727"]

1. e4 Nc6 2. d4 e5 3. dxe5 Nxe5 4. Nf3 Nc6 5. Bc4 Be7 6. Nc3 d6 7. O-O Nf6 8. Bg5 O-O 9. Re1 Ne5 10. Nxe5 dxe5
11. Qe2 c6 12. Rad1 Qb6 13. Bc1 Bg4 14. Qe3 Qxe3 15. Bxe3 Bxd1 16. Rxd1 a6 17. h3 Rad8 18. Re1 c5 19. f3 b5 20. Be2 Nh5
21. Kh2 Bh4 22. Rd1 Rxd1 23. Bxd1 c4 24. Kg1 Rd8 25. Nd5 Nf6 26. Ne7+ Kh8 27. Be2 Rd7 28. Nf5 Be1 29. Kf1 Bd2 30. Bf2 Bc1
31. b3 cxb3 32. cxb3 Ba3 33. g4 g6 34. Ne3 Bc5 35. Ke1 Bxe3 36. Bxe3 Kg7 37. Kf2 Rc7 38. h4 h6 39. Bd1 Nd7 40. Ke2 b4
41. Kf2 a5 42. Bd2 Rc6 43. Ke2 Nc5=
1/2-1/2

[Event "Blitz KO (Jun 2017) 1400-1799"]
[Site "SchemingMind.com"]
[Date "2017.06.04"]
[Round "-"]
[White "Wojciech  Langer"]
[Black "kenneth m day"]
[Result "1/2-1/2"]
[WhiteCountry "INT"]
[BlackCountry "USA"]
[WhiteElo "1673"]
[WhiteRD "88"]
[BlackElo "1699"]
[BlackRD "57"]
[GameID "414728"]

1. Nf3 Nf6 2. g3 g6 3. Bg2 Bg7 4. O-O d6 5. d3 O-O 6. e4 e5 7. c4 Nc6 8. a3 Bg4 9. Be3 Re8 10. Qc2 a6
11. b4 Rc8 12. Nbd2 Nd4 13. Qb2 b6 14. Nxd4 exd4 15. Bxd4 c5 16. Bc3 Be2 17. Rfe1 Bg4 18. Rab1 Rb8 19. Qc2 Qd7 20. Qb2 Qe7
21. Qc2 Qd7 22. Qb2 Qe7 23. Qc2 Qe6 24. Nf3 Re7 25. Ng5 Qd7 26. Qb2 Nh5 27. h3 Bxc3 28. Qxc3 Be6 29. Nxe6 Qxe6 30. Re3 Nf6
31. Rbe1 Rbe8 32. f4 Nh5 33. Rf1 f5 34. e5 Kf8 35. Rfe1 Qd7 36. e6 Rxe6 37. Rxe6 Rxe6 38. Rxe6 Qxe6 39. Qh8+ Qg8 40. Qxg8+ Kxg8
41. Kf2 Ng7 42. Bd5+ Kf8 43. Ke3 Ke7 44. b5=
1/2-1/2

[Event "Blitz KO (Jun 2017) 1400-1799"]
[Site "SchemingMind.com"]
[Date "2017.06.05"]
[Round "-"]
[White "emvarela"]
[Black "mikestefan1982"]
[Result "1-0"]
[WhiteCountry "ARG"]
[BlackCountry "ENG"]
[WhiteElo "1757"]
[WhiteRD "53"]
[BlackElo "1677"]
[BlackRD "69"]
[GameID "414782"]

1. e4 e5 2. Nf3 Nf6 3. d4 exd4 4. e5 Ne4 5. Qe2 Bb4+ 6. Bd2 Nxd2 7. Nbxd2 Nc6 8. O-O-O O-O 9. a3 Bc5 10. Qb5 d6
11. Bd3 a6 12. Qb3 Nxe5 13. Nxe5 dxe5 14. Be4 c6 15. Qd3 g6 16. Qc4 Qd6 17. Nb3 Be6 18. Qxc5
1-0

[Event "Blitz KO (Jun 2017) 1400-1799"]
[Site "SchemingMind.com"]
[Date "2017.06.05"]
[Round "-"]
[White "mikestefan1982"]
[Black "emvarela"]
[Result "0-1"]
[WhiteCountry "ENG"]
[BlackCountry "ARG"]
[WhiteElo "1677"]
[WhiteRD "69"]
[BlackElo "1757"]
[BlackRD "53"]
[GameID "414783"]

1. d4 Nf6 2. Nf3 g6 3. e3 Bg7 4. Bd3 O-O 5. Nc3 d5 6. e4 dxe4 7. Nxe4 Nxe4 8. Bxe4 f5 9. Bxb7 Bxb7 10. c3 Qd5
0-1

[Event "Blitz KO (Jun 2017) 1400-1799"]
[Site "SchemingMind.com"]
[Date "2017.07.14"]
[Round "-"]
[White "Scooter"]
[Black "JimM"]
[Result "1/2-1/2"]
[WhiteCountry "USA"]
[BlackCountry "USA"]
[WhiteElo "1732"]
[WhiteRD "51"]
[BlackElo "1606"]
[BlackRD "92"]
[GameID "416312"]

1. d4 g6 2. Nf3 Nf6 3. Bf4 Bg7 4. e3 c5 5. c3 e6 6. Be2 Qb6 7. Qb3 Qxb3 8. axb3 cxd4 9. exd4 O-O 10. Bxb8 Rxb8
11. Rxa7 b5 12. b4 Bb7 13. O-O Bc6 14. Na3 Rb7 15. Rxb7 Bxb7 16. Nxb5 Ba6 17. Ra1 Bb7 18. Nd6 Bc6 19. Ne5 Bh6 20. Nxc6 dxc6
21. Bf3 Rd8 22. Nb7 Rc8 23. Ra7 Bc1 24. Ra1 Bxb2 25. Ra6 Bxc3 26. Rxc6 Rxc6 27. Bxc6 Bxb4 28. Kf1 Bc3 29. d5 exd5 30. Nc5 d4
31. Ke2 Ng4 32. h3 Ne5 33. Bb5 Kg7 34. f4 f6 35. fxe5 fxe5 36. Nd7 e4 37. Nc5 e3 38. Kd3 Kf6 39. Ne4+ Kf5 40. Nxc3 dxc3
41. Kxe3 c2 42. Kd2 Kf4 43. Kxc2 Kg3 44. Bc6 h6 45. Kd3 g5 46. Ke4 Kxg2 47. Bd7 Kg3 48. Ke5 h5 49. Ke4 g4 50. hxg4=
1/2-1/2

[Event "Blitz KO (Jun 2017) 1400-1799"]
[Site "SchemingMind.com"]
[Date "2017.07.14"]
[Round "-"]
[White "JimM"]
[Black "Scooter"]
[Result "0-1"]
[WhiteCountry "USA"]
[BlackCountry "USA"]
[WhiteElo "1595"]
[WhiteRD "92"]
[BlackElo "1711"]
[BlackRD "52"]
[GameID "416313"]

1. e4 c6 2. d4 d5 3. c4 dxe4 4. Nc3 Bf5 5. Nge2 Nf6 6. Ng3 Bg6 7. Qc2 Qxd4 8. Be3 Qd8 9. Ngxe4 Nxe4 10. Nxe4 Nd7
11. Bd3 Bxe4 12. Bxe4 Nf6 13. Bf5 e6 14. Bh3 Bb4+ 15. Bd2 Bxd2+ 16. Qxd2 Qxd2+ 17. Kxd2 O-O 18. g3 Rad8+ 19. Kc2 Ne4 20. Rhf1 Rd2+
21. Kb3 Nxf2 22. Bg2 Ng4 23. Be4 Rxh2 24. Rh1 Rxh1 25. Rxh1 g6 26. Kb4 Rd8 27. a4 Rd4 28. Bb1 Ne5 29. b3 b6 30. Re1 Nd3+
31. Bxd3 Rxd3 32. Rg1 a5+ 33. Ka3 f5 34. Rg2 e5 35. Kb2 e4 36. Kc2 Kf7 37. g4 f4 38. Re2 Rg3 39. Rxe4 Rxg4 40. Kd3 Kf6
41. Kc3 Kf5 42. Re7 h5 43. Rc7 c5 44. Rc6 Rg3+ 45. Kc2 f3 46. Kd2 f2 47. Ke2 Rxb3 48. Kxf2 g5 49. Rh6 Kg4 50. Kg2 Rb2+
51. Kf1 Kf3 52. Ke1 h4 53. Rh5 Kg4 54. Rh6 h3
0-1

[Event "Blitz KO (Jun 2017) 1400-1799"]
[Site "SchemingMind.com"]
[Date "2017.07.23"]
[Round "-"]
[White "Iucounu"]
[Black "Quaff"]
[Result "1-0"]
[WhiteCountry "ENG"]
[BlackCountry "ENG"]
[WhiteElo "1556"]
[WhiteRD "57"]
[BlackElo "1564"]
[BlackRD "61"]
[GameID "416724"]

1. e4 e5 2. f4 exf4 3. Nf3 g5 4. h4 g4 5. Ne5 g3 6. d4 d6 7. Nd3 Be7 8. Bxf4 Bxh4 9. Qh5 Bf6 10. c3 Qe7
11. Nd2 Bd7 12. O-O-O Nc6 13. Bxg3 O-O-O 14. Re1 Qf8 15. e5 dxe5 16. dxe5 Bg7 17. a3 Nh6 18. Be2 Nf5 19. Bf4 Re8 20. Bg4 Nh6
21. Bxd7+ Kxd7 22. Bxh6 Bxh6 23. Qxh6 Qg8 24. Qh3+ Kd8 25. Nc5 Na5 26. Qd7#
1-0

[Event "Blitz KO (Jun 2017) 1400-1799"]
[Site "SchemingMind.com"]
[Date "2017.07.24"]
[Round "-"]
[White "Quaff"]
[Black "Iucounu"]
[Result "1-0"]
[WhiteCountry "ENG"]
[BlackCountry "ENG"]
[WhiteElo "1564"]
[WhiteRD "61"]
[BlackElo "1556"]
[BlackRD "57"]
[GameID "416725"]

1. e4 e5 2. Nf3 Nf6 3. d3 Nc6 4. a3 Bc5 5. Bg5 O-O 6. Nc3 h6 7. Bh4 g5 8. Bg3 Nh5 9. Bxe5 Nxe5 10. Nxe5 Nf4
11. Qf3 d6 12. Ng4 Bxg4 13. Qxg4 Qc8 14. Qf3 a6 15. g3 Ng6 16. Qh5 Kg7 17. Bh3 Qd8 18. Bf5 Ne7 19. O-O Nxf5 20. exf5 c6
21. Ne4 Bd4 22. c3 Bf6 23. f4 d5 24. fxg5 Bxg5 25. f6+ Kg8 26. Nxg5
1-0

[Event "Blitz KO (Jun 2017) 1400-1799"]
[Site "SchemingMind.com"]
[Date "2017.08.05"]
[Round "-"]
[White "Scooter"]
[Black "emvarela"]
[Result "0-1"]
[WhiteCountry "USA"]
[BlackCountry "ARG"]
[WhiteElo "1703"]
[WhiteRD "54"]
[BlackElo "1913"]
[BlackRD "56"]
[GameID "416956"]

1. d4 d5 2. Nf3 Nf6 3. Bf4 c5 4. e3 e6 5. Bb5+ Bd7 6. Bxd7+ Nbxd7 7. c3 Nb6 8. O-O Bd6 9. Bxd6 Qxd6 10. Nbd2 cxd4
11. exd4 O-O 12. Re1 Nbd7 13. Ne5 Qa6 14. Ndf3 Nxe5 15. Nxe5 Ne4 16. f3 Nd6 17. Nd7 Rfd8 18. Nc5 Qc6 19. Qc2 b6 20. Nd3 a5
21. Ne5 Qc7 22. Ng4 b5 23. Rac1 b4 24. b3 bxc3 25. Qxc3 Qxc3 26. Rxc3 Rdc8 27. Rec1 Rxc3 28. Rxc3 Rc8 29. Rxc8+ Nxc8 30. Ne5 Na7
31. Kf2 f6 32. Nd3 Nc6 33. Ke3 Nb4 34. Nxb4 axb4 35. Kd3 e5 36. dxe5 fxe5 37. g3 Kf7 38. Kc2 Ke6 39. a4 bxa3 40. b4 e4
41. fxe4 dxe4 42. b5 e3
0-1

[Event "Blitz KO (Jun 2017) 1400-1799"]
[Site "SchemingMind.com"]
[Date "2017.08.05"]
[Round "-"]
[White "emvarela"]
[Black "Scooter"]
[Result "1-0"]
[WhiteCountry "ARG"]
[BlackCountry "USA"]
[WhiteElo "1913"]
[WhiteRD "56"]
[BlackElo "1703"]
[BlackRD "54"]
[GameID "416957"]

1. e4 c6 2. d4 d5 3. Nc3 dxe4 4. Nxe4 Bf5 5. Ng3 Bg6 6. h4 h6 7. Nf3 Nd7 8. h5 Bh7 9. Bd3 Bxd3 10. Qxd3 Qc7
11. Bd2 O-O-O 12. Qa3 Kb8 13. O-O-O e6 14. Qa5 Qxa5 15. Bxa5 b6 16. Bc3 Bd6 17. Ne4 Bf4+ 18. Kb1 Ngf6 19. Nxf6 Nxf6 20. g3 Bd6
21. Rde1 Ng4 22. Re2 Rhe8 23. Nd2 a5 24. f3 Nf6 25. g4 Nd5 26. Ne4 Nf4 27. Rd2 Bc7 28. b3 f5 29. Nf2 Nd5 30. Bb2 Bg3
31. c4 Ne3 32. Re1 Bxf2 33. Rxf2 f4 34. Rfe2 Kc7 35. Bc1 Rxd4 36. Bxe3 fxe3 37. Rxe3 Kd7 38. Kc2 Rf4 39. Rd3+ Ke7 40. Ree3 Rf6
41. Rd4 Rd8 42. Rxd8 Kxd8 43. Kd3 c5 44. Ke4 Kd7 45. f4 Kd6 46. Rd3+ Ke7 47. Ke5 Rf8 48. f5 exf5 49. gxf5 Rf6 50. Rg3 Kf7
51. Rg6 Rxg6 52. fxg6+ Ke7 53. a4
1-0

[Event "Blitz KO (Jun 2017) 1400-1799"]
[Site "SchemingMind.com"]
[Date "2017.08.02"]
[Round "-"]
[White "Clive Everill"]
[Black "grabapawn"]
[Result "0-1"]
[WhiteCountry "CZE"]
[BlackCountry "USA"]
[WhiteElo "1763"]
[WhiteRD "63"]
[BlackElo "1621"]
[BlackRD "55"]
[GameID "416976"]

1. e4 c5 2. Nc3 Nc6 3. Bb5 a6 4. Bxc6 bxc6 5. d3 Bb7 6. f4 d5 7. e5 e6 8. Nf3 Nh6 9. O-O Be7 10. Ne2 O-O
11. h3 Nf5 12. g4 Nh6 13. Ng3 d4 14. Ne4 f5 15. Neg5 fxg4 16. Nxe6 Qd7 17. Nxf8 Rxf8 18. hxg4 Qxg4+ 19. Kf2 Bc8 20. Rg1 Bh4+
21. Ke2 Qh5 22. Rh1 Bg4 23. Qf1 Nf5 24. Qf2 Ng3+ 25. Qxg3 Bxg3 26. Rxh5 Bxh5 27. Bd2 Bxf4 28. Bxf4 Rxf4 29. Rf1 Kf7 30. b3 Ke6
31. a4 Bxf3+ 32. Rxf3 Kxe5 33. Rg3 g6 34. Rg5+ Rf5 35. Rg4 Kf6 36. Kd2 g5 37. Rg2 h5 38. c3 g4 39. b4 Kg5 40. Re2 g3
41. cxd4 cxb4 42. Ke3 h4 43. Re1 h3 44. Rc1 g2 45. Rg1 Rf1
0-1

[Event "Blitz KO (Jun 2017) 1400-1799"]
[Site "SchemingMind.com"]
[Date "2017.08.02"]
[Round "-"]
[White "grabapawn"]
[Black "Clive Everill"]
[Result "0-1"]
[WhiteCountry "USA"]
[BlackCountry "CZE"]
[WhiteElo "1621"]
[WhiteRD "55"]
[BlackElo "1763"]
[BlackRD "63"]
[GameID "416977"]

1. e4 d6 2. d4 Nf6 3. Nc3 c6 4. Nf3 Bg4 5. h3 Bh5 6. Bc4 e6 7. Bf4 Be7 8. Qd3 b5 9. Bb3 a5 10. a3 Nbd7
11. e5 Nd5 12. Nxd5 exd5 13. O-O dxe5 14. Nxe5 Nxe5 15. Bxe5 Bg6 16. Qe3 O-O 17. c3 f6 18. Bg3 a4 19. Ba2 Re8 20. f4 Bxa3
21. Qd2 Bd6 22. Rae1 Qd7 23. Kh2 f5 24. Bb1 a3 25. b4 Qc7 26. Ba2 Re4 27. Rf3 Rae8 28. Rxe4 fxe4 29. Re3 Bxf4 30. Bxf4 Qxf4+
31. g3 Qc7 32. Bb1 Rf8 33. Qa2 Qf7 34. Qe2 Qf1 35. Qxf1 Rxf1 36. Re2 Rxb1 37. g4 Rb2
0-1

[Event "Blitz KO (Jun 2017) 1400-1799"]
[Site "SchemingMind.com"]
[Date "2017.08.16"]
[Round "-"]
[White "bartleby en passant"]
[Black "Wojtek26"]
[Result "1/2-1/2"]
[WhiteCountry "IRL"]
[BlackCountry "POL"]
[WhiteElo "1664"]
[WhiteRD "75"]
[BlackElo "1558"]
[BlackRD "47"]
[GameID "417307"]

1. e4 e5 2. Bc4 Nf6 3. Nc3 Bb4 4. a3 Bc5 5. Nf3 Nc6 6. O-O O-O 7. d3 h6 8. Re1 b6 9. b4 Be7 10. h3 Bb7
11. Be3 d6 12. Nd5 Qd7 13. Nxf6+ Bxf6 14. Bd5 Rab8 15. c4 Ne7 16. Bxb7 Rxb7 17. b5 c6 18. a4 c5 19. Qd2 Ra8 20. Bxh6 gxh6
21. Qxh6 Bg7 22. Qh5 Qe6 23. Ng5 Qg6 24. Qxg6 fxg6 25. Rf1 Bh6 26. h4 Bxg5 27. hxg5 Kg7 28. f4 Rh8 29. g3 Rbb8 30. Kg2 Rh7
31. Rh1 Rbh8 32. Rxh7+ Rxh7 33. Rh1 Rxh1 34. Kxh1 Nc8=
1/2-1/2

[Event "Blitz KO (Jun 2017) 1400-1799"]
[Site "SchemingMind.com"]
[Date "2017.08.16"]
[Round "-"]
[White "Wojtek26"]
[Black "bartleby en passant"]
[Result "1-0"]
[WhiteCountry "POL"]
[BlackCountry "IRL"]
[WhiteElo "1558"]
[WhiteRD "47"]
[BlackElo "1664"]
[BlackRD "75"]
[GameID "417308"]

1. d4 Nf6 2. Nf3 d5 3. e3 Nc6 4. Bb5 Bd7 5. O-O a6 6. Ba4 Ne4 7. Nbd2 Nxd2 8. Bxd2 e6 9. Qe2 Bd6 10. c4 dxc4
11. Qxc4 b5 12. Bxb5 axb5 13. Qxb5 Rb8 14. Qd3 Rxb2 15. Rfb1 Rxb1+ 16. Rxb1 O-O 17. e4 Qe7 18. e5 Bb4 19. Bxb4 Nxb4 20. Qe2 Nd5
21. Qb2 h6 22. h3 f6 23. Qc2 fxe5 24. Nxe5 Qd6 25. Ng6 Rc8 26. Qd2 Nf6 27. Qc3 Be8 28. Nh4 g5 29. Nf3 Nd5 30. Qc2 Nf4
31. Re1 Bg6 32. Qb3 Nd5 33. Ne5 Bh7 34. Qf3 Rf8 35. Qh5
1-0

[Event "Blitz KO (Jun 2017) 1400-1799"]
[Site "SchemingMind.com"]
[Date "2017.08.20"]
[Round "-"]
[White "grabapawn"]
[Black "Iucounu"]
[Result "0-1"]
[WhiteCountry "USA"]
[BlackCountry "ENG"]
[WhiteElo "1594"]
[WhiteRD "51"]
[BlackElo "1551"]
[BlackRD "59"]
[GameID "417487"]

1. e4 e5 2. d4 exd4 3. Nf3 Nc6 4. c3 dxc3 5. Nxc3 Bb4 6. Bg5 Nge7 7. Rc1 O-O 8. Bc4 h6 9. h4 Qe8 10. Nd2 Ng6
11. Kf1 Nce5 12. Bb3 d6 13. Qe2 c6 14. g3 Bg4 15. f3 Be6 16. f4 Bxb3 17. axb3 Nd7 18. h5 Nh8 19. Bxh6 gxh6 20. Qg4+ Kh7
21. Qf5+ Kg7 22. Rh4 Nf6 23. Nf3 Bxc3 24. Rxc3 Qxe4 25. Rg4+ Ng6 26. Qxe4 Nxe4 27. Re3 Nf6 28. hxg6 Nxg4 29. Re7 Kxg6 30. Nh4+ Kf6
0-1

[Event "Blitz KO (Jun 2017) 1400-1799"]
[Site "SchemingMind.com"]
[Date "2017.08.19"]
[Round "-"]
[White "Iucounu"]
[Black "grabapawn"]
[Result "0-1"]
[WhiteCountry "ENG"]
[BlackCountry "USA"]
[WhiteElo "1551"]
[WhiteRD "59"]
[BlackElo "1594"]
[BlackRD "51"]
[GameID "417488"]

1. e4 c5 2. Nf3 e6 3. d4 cxd4 4. Nxd4 Bc5 5. Be3 Nf6 6. e5 Ne4 7. Nd2 Ng5 8. N2f3 Ne4 9. Bd3 Bb4+ 10. Nd2 Nxd2
11. Bxd2 Bc5 12. Nb3 Bb6 13. O-O Nc6 14. Bf4 h6 15. h3 g5 16. Bh2 h5 17. Kh1 g4 18. Bg3 gxh3 19. gxh3 h4 20. Bh2 Bc7
21. Qg4 b6 22. Be4 Bb7 23. Qg7 Rf8 24. c3 d5 25. Bg2 Ne7 26. Nd4 Rg8 27. Qf6 Kd7 28. Qxh4 Nf5 29. Qxd8+ Raxd8 30. Nxf5 exf5
31. f4 Rh8 32. Rad1 Ke6 33. b4 Rdg8 34. b5 Rxg2 35. Kxg2 d4+ 36. Kg3 Rg8+ 37. Kh4 Bd8+
0-1

[Event "Blitz KO (Jun 2017) 1400-1799"]
[Site "SchemingMind.com"]
[Date "2017.09.22"]
[Round "-"]
[White "emvarela"]
[Black "kenneth m day"]
[Result "1-0"]
[WhiteCountry "ARG"]
[BlackCountry "USA"]
[WhiteElo "1904"]
[WhiteRD "62"]
[BlackElo "1726"]
[BlackRD "60"]
[GameID "418845"]

1. e4 e5 2. Nf3 Nc6 3. Bb5 d6 4. d4 Bd7 5. Nc3 Nf6 6. O-O Be7 7. d5 Nd4 8. Bxd7+ Qxd7 9. Nxd4 O-O 10. Nf5 c6
11. Nxe7+ Qxe7 12. Bg5 h6 13. Bxf6 Qxf6 14. Qh5 Qf4 15. Rad1 f5 16. g3 Qg4 17. Qxg4 fxg4 18. dxc6 bxc6 19. Rxd6 Rac8 20. Rg6 Rf6
21. Rxg4 Rd8 22. f4 exf4 23. Rgxf4 Rfd6 24. Kg2 Rd2+ 25. R1f2 R2d7 26. e5 Re7 27. Re4 Re6 28. b4 Rde8 29. Rfe2 R8e7 30. Na4 Re8
31. Nc5 R6e7 32. e6 g6 33. Rd2 Rc8 34. Rd7 Rc7 35. Rxc7 Rxc7 36. e7
1-0

[Event "Blitz KO (Jun 2017) 1400-1799"]
[Site "SchemingMind.com"]
[Date "2017.09.23"]
[Round "-"]
[White "kenneth m day"]
[Black "emvarela"]
[Result "1-0"]
[WhiteCountry "USA"]
[BlackCountry "ARG"]
[WhiteElo "1726"]
[WhiteRD "60"]
[BlackElo "1904"]
[BlackRD "62"]
[GameID "418846"]

1. e4 e5 2. Nf3 Nc6 3. d4 exd4 4. c3 dxc3 5. Nxc3 Bc5 6. Bc4 d6 7. Bg5 Nge7 8. Nd5 f6 9. Bh4 Nxd5 10. Bxd5 Ne7
11. Bb3 Ng6 12. Qd5 Qd7 13. O-O c6 14. Qc4 Nxh4 15. Nxh4 b5 16. Qe2 Qg4 17. Nf3 Be6 18. h3 Bc4 19. Bxc4 Qd7 20. Bb3 a5
21. a4 bxa4 22. Rxa4 Rb8 23. Ba2 Qb7 24. Rxa5 Qb4 25. Ra6 Qb7 26. Bc4 Kd7 27. Rfa1 Ra8 28. Rxa8 Rxa8 29. Rxa8 Qxa8 30. b3 Qa1+
31. Kh2 Qa7 32. Qd2 Bxf2 33. e5 fxe5 34. Nxe5+ Kc7 35. Nd3 Bg1+ 36. Kh1 Be3 37. Qe1 d5 38. Qg3+ Kc8 39. Ba6+ Qxa6 40. Qxe3 Qa1+
41. Kh2 Qf6 42. Nc5 Qd6+ 43. Kg1 d4 44. Qe8+ Kc7 45. Qf7+ Kb6 46. b4 Kb5 47. Qb7+ Kc4 48. Na6 Qe6 49. Qxg7 c5 50. Nxc5 Qe3+
51. Kh2 Kxb4 52. Nd7 Kc3 53. Qe5
1-0

[Event "Blitz KO (Jun 2017) 1400-1799"]
[Site "SchemingMind.com"]
[Date "2017.09.23"]
[Round "-"]
[White "Wojtek26"]
[Black "Iucounu"]
[Result "0-1"]
[WhiteCountry "POL"]
[BlackCountry "ENG"]
[WhiteElo "1515"]
[WhiteRD "52"]
[BlackElo "1594"]
[BlackRD "62"]
[GameID "418907"]

1. d4 Nf6 2. e3 g6 3. c4 Bg7 4. Nf3 Rg8 5. Be2 d6 6. O-O Nc6 7. a3 e6 8. b4 e5 9. Bb2 exd4 10. Nxd4 Nxd4
11. Bxd4 Be6 12. Qc2 a6 13. Nd2 Qd7 14. Bf3 O-O-O 15. Ne4 Nxe4 16. Qxe4 c6 17. Bxg7 Rxg7 18. h3 f5 19. Qc2 d5 20. cxd5 Bxd5
21. Rad1 Qe6 22. Bxd5 Rxd5 23. Rxd5 Qxd5 24. Rd1 Qe6 25. Rd3 Rd7 26. Kf1 b5 27. Ke2 Rxd3 28. Qxd3 f4 29. Qc3 fxe3 30. fxe3 Qa2+
31. Kf3 Qd5+ 32. Kf2 Qf7+ 33. Kg3 Kb7 34. h4 h5 35. Qe5 Qc7 36. Qxc7+ Kxc7 37. Kf4 Kd6 38. e4 c5 39. bxc5+ Kxc5 40. Ke5 a5
41. g3 b4 42. axb4+ axb4 43. Kf6 b3 44. e5 b2 45. e6 b1=Q 46. e7 Qf5+ 47. Kg7 Qe6 48. Kf8 Qf6+ 49. Ke8 Kd6 50. g4 Qxe7#
0-1

[Event "Blitz KO (Jun 2017) 1400-1799"]
[Site "SchemingMind.com"]
[Date "2017.09.24"]
[Round "-"]
[White "Iucounu"]
[Black "Wojtek26"]
[Result "1-0"]
[WhiteCountry "ENG"]
[BlackCountry "POL"]
[WhiteElo "1594"]
[WhiteRD "62"]
[BlackElo "1515"]
[BlackRD "52"]
[GameID "418908"]

1. e4 e5 2. f4 exf4 3. Nf3 g5 4. h4 g4 5. Ne5 Nf6 6. Nc3 d6 7. Nc4 Be6 8. d4 Bh6 9. d5 Bd7 10. Bd3 f3
11. gxf3 Bxc1 12. Rxc1 gxf3 13. Qxf3 Bg4 14. Qg2 Rg8 15. Kd2 Nbd7 16. Rce1 Nc5 17. Rhg1 Nxd3 18. cxd3 Qd7 19. Ne3 Bh5 20. Qxg8+ Nxg8
21. Rxg8+ Ke7 22. Rxa8 a6 23. Nf5+ Kf6 24. Rg1 Bg6 25. Rf1 Bxf5 26. Rxf5+ Kg6 27. Rg8+ Kh6 28. Rgg5 Qe7 29. Nd1 f6 30. Rg1 Qf7
31. Nf2
1-0

[Event "Blitz KO (Jun 2017) 1400-1799"]
[Site "SchemingMind.com"]
[Date "2017.11.27"]
[Round "-"]
[White "Iucounu"]
[Black "kenneth m day"]
[Result "0-1"]
[WhiteCountry "ENG"]
[BlackCountry "USA"]
[WhiteElo "1582"]
[WhiteRD "64"]
[BlackElo "1726"]
[BlackRD "63"]
[GameID "421354"]

1. e4 e5 2. Nf3 Nc6 3. Bb5 f5 4. Nc3 fxe4 5. Nxe4 Nf6 6. Qe2 Be7 7. d4 O-O 8. dxe5 Nxe4 9. Qxe4 d5 10. Qe2 Bg4
11. Bd2 Nd4 12. Qd3 Nxf3+ 13. gxf3 Bxf3 14. Rg1 Be4 15. Qc3 c6 16. Be2 Bh4 17. Be3 Qd7 18. e6 Qe7 19. Qe5 Rf5 20. Qxf5 Bxf5
21. O-O-O Qxe6 22. b3 Rf8 23. Bd3 Bxd3 24. Rxd3 Bxf2 25. Bxf2 Rxf2
0-1

[Event "Blitz KO (Jun 2017) 1400-1799"]
[Site "SchemingMind.com"]
[Date "2017.11.27"]
[Round "-"]
[White "kenneth m day"]
[Black "Iucounu"]
[Result "1/2-1/2"]
[WhiteCountry "USA"]
[BlackCountry "ENG"]
[WhiteElo "1731"]
[WhiteRD "61"]
[BlackElo "1595"]
[BlackRD "65"]
[GameID "421355"]

1. e4 e5 2. f4 exf4 3. Nf3 g5 4. h4 g4 5. Ne5 Qe7 6. d4 d6 7. Nxf7 Qxf7 8. Be2 h5 9. Rf1 Qe7 10. Nc3 Qxh4+
11. Kd2 Bh6 12. Kd3 Qg3+ 13. Kc4 Bd7 14. Bd2 Nc6 15. Kb3 Nxd4+ 16. Ka3 Nxe2 17. Qxe2 f3 18. gxf3 Bxd2 19. Qxd2 O-O-O 20. fxg4 Bxg4
21. Qd4 Qe5 22. Qxa7 Qc5+ 23. Qxc5 dxc5 24. Nd5 b6 25. Rae1 Rh7 26. c4 Kb7 27. b3 c6 28. Ne3 Nh6 29. e5 Re8 30. Ng2 Rhe7
31. Rf6 Ng8 32. Rg6 Re6 33. Rg7+ R6e7 34. Rg5 Nh6 35. Nf4 Nf7 36. Rg7 Nxe5 37. Rxe5 Rxg7 38. Rxe8 Rf7 39. Ng2 b5 40. Rh8 b4+
41. Ka4 Kb6 42. Ra8 Ra7+ 43. Rxa7 Kxa7 44. a3 bxa3 45. Kxa3 Kb6 46. b4 cxb4+ 47. Kxb4 c5+ 48. Kc3 Ka5 49. Ne3 Be2 50. Nf5 Bg4
51. Nh4 Be2 52. Nf5 Bg4 53. Nh4=
1/2-1/2